<?xml version="1.0" encoding="UTF-8"?><collection xmlns="info:lc/xmlns/marcxchange-v2"><record format="Unimarc" type="bibliographic"><leader>00867cam  2200265   450 </leader><controlfield tag="001">2045789</controlfield><controlfield tag="003">http://id.bnportugal.gov.pt/bib/porbase/2045789</controlfield><controlfield tag="005">20030512170700.0</controlfield><datafield ind1=" " ind2=" " tag="010"><subfield code="a">0-933999-51-8</subfield></datafield><datafield ind1=" " ind2=" " tag="035"><subfield code="3">95760</subfield></datafield><datafield ind1=" " ind2=" " tag="095"><subfield code="a">PTBN00423857</subfield></datafield><datafield ind1=" " ind2=" " tag="100"><subfield code="a">19910905d1987    k  y0pory0103    ba</subfield></datafield><datafield ind1="1" ind2=" " tag="101"><subfield code="a">eng</subfield><subfield code="c">grc</subfield></datafield><datafield ind1=" " ind2=" " tag="102"><subfield code="a">US</subfield></datafield><datafield ind1="1" ind2=" " tag="200"><subfield code="a">&lt;The &gt;Pythagorean sourcebook and library</subfield><subfield code="f">compiled and transl. by Kenneth Sylvan Guthrie</subfield></datafield><datafield ind1=" " ind2=" " tag="210"><subfield code="a">Grand Rapids, Michigan</subfield><subfield code="c">Phanes Press</subfield><subfield code="d">cop. 1988</subfield></datafield><datafield ind1=" " ind2=" " tag="215"><subfield code="a">361 p.</subfield></datafield><datafield ind1=" " ind2=" " tag="675"><subfield code="a">141.113</subfield><subfield code="v">med</subfield><subfield code="z">fre</subfield><subfield code="3">1427306</subfield></datafield><datafield ind1=" " ind2="1" tag="700"><subfield code="a">Guthrie</subfield><subfield code="b">Kenneth Sylvan</subfield><subfield code="3">525855</subfield></datafield><datafield ind1=" " ind2="1" tag="702"><subfield code="a">Fideler</subfield><subfield code="b">David R.</subfield><subfield code="4">080</subfield><subfield code="3">525856</subfield></datafield><datafield ind1=" " ind2="1" tag="702"><subfield code="a">Godwin</subfield><subfield code="b">Joscelyn</subfield><subfield code="4">070</subfield><subfield code="3">525857</subfield></datafield><datafield ind1=" " ind2="1" tag="702"><subfield code="a">Taylor</subfield><subfield code="b">Thomas</subfield><subfield code="4">730</subfield><subfield code="3">1559589</subfield></datafield><datafield ind1=" " ind2="1" tag="702"><subfield code="a">Fairbanks Junior</subfield><subfield code="b">Arthur</subfield><subfield code="4">730</subfield><subfield code="3">1559590</subfield></datafield><datafield ind1=" " ind2="0" tag="801"><subfield code="a">PT</subfield><subfield code="b">BN</subfield><subfield code="g">RPC</subfield></datafield><datafield ind1=" " ind2=" " tag="977"><subfield code="1">SD 141.113 G994p</subfield><subfield code="2">coop</subfield><subfield code="4">UACSD</subfield><subfield code="6">mq641698</subfield><subfield code="7">bc</subfield><subfield code="8">coop</subfield><subfield code="9">UACSD</subfield><subfield code="b">62729</subfield><subfield code="k">0</subfield></datafield><datafield ind1=" " ind2=" " tag="977"><subfield code="1">FILO 5933</subfield><subfield code="2">coop</subfield><subfield code="4">ULFP</subfield><subfield code="6">423857/JS</subfield><subfield code="7">bc</subfield><subfield code="8">COOP</subfield><subfield code="9">ULFP</subfield><subfield code="k">0</subfield></datafield><datafield ind1=" " ind2=" " tag="998"><subfield code="a">UAC10-35</subfield></datafield></record></collection>